Harry Potter and the Philosopher's Stone.
Uloženo v:
| Hlavní autor: | |
|---|---|
| Médium: | Neznámo |
| Vydáno: |
London, United Kingdom:
Bloomsbury Publishing PLc,
2014.
|
| Edice: | The Harry Potter Series,
|
| Témata: | |
| Tagy: |
Přidat tag
Žádné tagy, Buďte první, kdo vytvoří štítek k tomuto záznamu!
|
MARC
| LEADER | 00000 a2200000 4500 | ||
|---|---|---|---|
| 003 | CL-VaPUC | ||
| 005 | 20230111171442.0 | ||
| 008 | 230109t2014 ||||| |||| 00| 0 eng d | ||
| 999 | |c 439196 |d 439194 | ||
| 020 | |a 978-1408855652 | ||
| 040 | |c Pontificia Universidad Católica de Valparaíso | ||
| 082 | 7 | |a 823 ROWph 2014 |2 22 | |
| 100 | |a Rowling, J. K |9 554655 |e author | ||
| 245 | |a Harry Potter and the Philosopher's Stone. | ||
| 260 | |a London, United Kingdom: |b Bloomsbury Publishing PLc, |c 2014. | ||
| 300 | |a 331 páginas. | ||
| 490 | |a The Harry Potter Series, |n 1. | ||
| 583 | |k GC |c 20230109 | ||
| 650 | |a Novelas inglesas |9 265220 | ||
| 650 | |a Novelas juveniles inglesas |9 462416 | ||
| 650 | |a Literatura inglesa |9 312907 | ||
| 942 | |2 ddc |c BK | ||
| 952 | |0 0 |1 0 |2 ddc |4 0 |6 823_000000000000000_ROWPH_2014 |7 0 |8 A |9 588585 |a BIBEDU |b BIBEDU |d 2023-01-06 |e 74 |g 13169.00 |i 5656365 |l 17 |m 2 |o 823 ROWph 2014 |p 5656365 |r 2025-04-25 |s 2025-04-21 |t 1 |v 13169.00 |w 2023-01-06 |y BK |k LIT | ||
| 952 | |0 0 |1 0 |2 ddc |4 0 |6 823_000000000000000_ROWPH_2014 |7 0 |8 A |9 588586 |a BIBEDU |b BIBEDU |d 2023-01-06 |e 74 |g 13169.00 |i 5656366 |l 12 |m 2 |o 823 ROWph 2014 |p 5656366 |r 2025-04-22 |s 2025-04-11 |t 2 |v 13169.00 |w 2023-01-06 |y BK |k LIT | ||